000 00653nam a2200193Ia 4500
003 GCL
008 140319s9999 xx 000 0 ara d
020 _a6655789977
040 _aGCL /
_cGCL
082 0 4 _aق
_b720.288
_bم د
100 1 _aمحمد عبدالهادى
245 1 0 _aدراسات علمية فى ترميم وصيانة الاثار غير العضوية /
_cمحمد عبدالهادى
260 _aالقاهرة :
_bمكتبة زهراء الشرق ،
_c0
300 _a286 ص ؛
_c24 سم
650 0 4 _aالاثار - ترميم
650 0 4 _aالاثار - تآكل
650 0 4 _aالاثار - حماية
942 _2ddc
_cBK
999 _c46146
_d46146